000 00612nam a2200169 i 4500
001 39040
003 ES-MaACL
005 20230906155859.0
007 t|
008 030227s1873 sp ||||1| spa d
245 0 4 _aUna campaña parlamentaria
_b: colección de proposiciones presentadas y discursos pronunciados en las Cortes españolas de 1872-73 por la Diputación radical de Puerto Rico.
260 _aMadrid :
_bM. G. Hernández,
_c1873.
300 _a395 p. ;
_c21 cm.
651 4 _aPuerto Rico-
_xHistoria-
_y1511-1898, Época colonial.
_9155352
852 _aES-MaACL
_jB-3984
852 _aES-MaACL
_jG-3700
999 _c39040
_d39040